000 00999nam a22002537a 4500
999 _c18611
_d18611
003 AR-CdUCM
008 190514b ||||| |||| 00| 0 spa d
020 _a968-816-074-1
040 _aMUNICIPALIDAD PROVINCIAL DEL CUSCO
_cBIBLIOTECA MUNICIPAL DEL CUSCO
082 _a974.51 /
_bN86
100 _aNovo, Salvador
_912067
245 _aLa vida en la ciudad de México en 1824 /
260 _aMéxico :
_bSecretaria general de desarrollo social,
_c1987.
300 _a133 páginas ;
_bIlustraciones,
_c22 cm.
440 _aColección distrito federal ;
_n12
_939305
505 _aContenido: La vida en México -- La región mas transparente -- Las orillas de la famosa México -- La muy noble, leal y constitucional ciudad de México ...
650 _aCiudad de México
_939306
650 _aHistoria
_9136
650 _aVida en la ciudad
_939307
700 _aCapistran, Miguel
_939308
710 _aDepartamento del distrito federal
_912486
942 _2ddc
_cLIBROS
945 _aacv
_d2019-05-14